[Event "Sparkassen-Open B"]
[Site "Heusenstamm, Martinsee"]
[Date "2022.11.17"]
[Round "1.51"]
[White "Merz, Leander"]
[Black "Scheerer, Amelie"]
[Result "1-0"]
[WhiteElo "1470"]
[BlackElo "1158"]
[PlyCount "21"]
[EventDate "2022.??.??"]
[WhiteTeam "Schachforum Darmstadt 1994"]
[BlackTeam "SV 1934 Ffm-Griesheim"]

1. e4 e5 2. Nc3 Nf6 3. f4 Bc5 4. fxe5 Ng8 5. Nf3 f6 6. d4 Bb4 7. Bc4 fxe5 8.
O-O Nc6 9. Bf7+ Kf8 10. Nxe5 Nxe5 11. dxe5 1-0

[Event "Sparkassen-Open B"]
[Site "Heusenstamm, Martinsee"]
[Date "2022.11.17"]
[Round "1.52"]
[White "Junkers, Günter"]
[Black "Gerhard, Dominik"]
[Result "0-1"]
[WhiteElo "1207"]
[BlackElo "1593"]
[PlyCount "64"]
[EventDate "2022.??.??"]
[WhiteTeam "SSG Rödermark/Epph."]
[BlackTeam "SV Oberursel"]

1. e4 d5 2. Nc3 dxe4 3. Nxe4 Qd4 4. d3 Bf5 5. Qf3 Nc6 6. Nc3 Qe5+ 7. Qe3 O-O-O
8. Qxe5 Nxe5 9. Nf3 Nxf3+ 10. gxf3 Nf6 11. Be3 a6 12. O-O-O g6 13. Rg1 Bg7 14.
Rd2 Nd5 15. Nxd5 Rxd5 16. d4 e6 17. Bc4 Rd7 18. h4 h5 19. Rg5 Bf6 20. Rg2 Bxh4
21. Rh2 Bf6 22. Rg2 Rhd8 23. Bg5 Bxg5 24. Rxg5 Rxd4 25. Rxd4 Rxd4 26. Be2 h4
27. Rg1 h3 28. Rd1 Rxd1+ 29. Kxd1 h2 30. f4 h1=Q+ 31. Kd2 Qd5+ 32. Ke3 Qxa2 0-1

[Event "Sparkassen-Open B"]
[Site "Heusenstamm, Martinsee"]
[Date "2022.11.17"]
[Round "1.53"]
[White "Burow, Roger"]
[Black "Meuer, Stephan"]
[Result "1-0"]
[WhiteElo "1598"]
[BlackElo "1188"]
[PlyCount "61"]
[EventDate "2022.??.??"]
[WhiteTeam "SV 1920 Kelsterbach"]
[BlackTeam "SV Lahnstein"]

1. e4 e5 2. Bc4 Nf6 3. d4 Bd6 4. Nf3 Qe7 5. Bg5 h6 6. Bh4 Nc6 7. O-O b6 8. Re1
Bb7 9. Bd5 O-O-O 10. c3 Rde8 11. Nbd2 g5 12. dxe5 Nxe5 13. Bxb7+ Kxb7 14. Bg3
Nxf3+ 15. Qxf3 Bxg3 16. hxg3 c6 17. e5 Nd5 18. Nc4 Kc7 19. Rad1 Qe6 20. Nd6
Ref8 21. b3 f6 22. Nb5+ Kb7 23. c4 cxb5 24. cxd5 Qf7 25. e6 Qh7 26. d6+ Kb8 27.
e7 Rc8 28. Rc1 Qg8 29. Qxf6 Kb7 30. Rxc8 Kxc8 31. Qxh8 1-0

[Event "Sparkassen-Open B"]
[Site "Heusenstamm, Martinsee"]
[Date "2022.11.17"]
[Round "1.54"]
[White "Gärtner, David"]
[Black "Ghaznavi, Massoud"]
[Result "1-0"]
[WhiteElo "1116"]
[BlackElo "1594"]
[PlyCount "145"]
[EventDate "2022.??.??"]
[WhiteTeam "Sfr.Mainz 1928"]
[BlackTeam "SV Oberursel"]

1. d4 d5 2. c4 Nf6 3. cxd5 Qxd5 4. Nc3 Qd8 5. Nf3 e6 6. e3 a6 7. a4 Bb4 8. Bd2
O-O 9. Bd3 Nc6 10. O-O h6 11. Qc2 Ne7 12. Rac1 Bd7 13. Ne4 Ned5 14. Qb3 Bxd2
15. Nfxd2 Bc6 16. Rc2 Nb6 17. Ra1 Nbd5 18. Qa3 a5 19. Rcc1 Nb4 20. Nxf6+ Qxf6
21. Be4 Bxe4 22. Nxe4 Qd8 23. Qc3 c6 24. Nc5 Qe7 25. Nd3 Nd5 26. Qb3 Rab8 27.
Rc5 Ra8 28. Rac1 Ra6 29. Qd1 f6 30. Qd2 Rfa8 31. Qe1 e5 32. dxe5 fxe5 33. e4
Nf6 34. Rxe5 Qd6 35. Qe2 Rd8 36. Rc3 h5 37. Rf5 Ng4 38. Rxh5 Qd7 39. Rg5 Nf6
40. g3 Raa8 41. Kg2 Re8 42. Re5 Rf8 43. Nf4 Rf7 44. Rd3 Qc7 45. Rc5 Re8 46. f3
Kh7 47. Rc2 Qe5 48. Rcd2 g5 49. Nh3 Ree7 50. Qe3 Rg7 51. Qd4 g4 52. Nf2 gxf3+
53. Rxf3 Nxe4 54. Qxe5 Rxe5 55. Re2 Rge7 56. Rfe3 Nxf2 57. Rxe5 Rxe5 58. Rxe5
Nd3 59. Rxa5 Nxb2 60. Ra7 Nc4 61. Rxb7+ Kg6 62. Rc7 Na5 63. Kf3 Kf5 64. h4 Nb3
65. g4+ Ke5 66. h5 Kd6 67. Rb7 Nd4+ 68. Ke4 Ne6 69. Ra7 Nc5+ 70. Kf5 Nb3 71. h6
Nd4+ 72. Kf6 c5 73. h7 1-0

[Event "Sparkassen-Open B"]
[Site "Heusenstamm, Martinsee"]
[Date "2022.11.17"]
[Round "1.55"]
[White "Spiegel, Nina"]
[Black "Shanawaz Thabrez, Shahzaib"]
[Result "0-1"]
[WhiteElo "1539"]
[BlackElo "1159"]
[PlyCount "136"]
[EventDate "2022.??.??"]
[WhiteTeam "Sfr Stiller Zug Wiesbaden"]
[BlackTeam "SK Langen"]

1. c4 e5 2. g3 g6 3. Bg2 Bg7 4. Nc3 Nc6 5. e4 Nge7 6. Nge2 d6 7. d3 O-O 8. O-O
f5 9. f4 Nd4 10. Be3 c6 11. Qd2 Be6 12. Rab1 Nxe2+ 13. Qxe2 d5 14. cxd5 cxd5
15. exd5 Nxd5 16. Bc5 Re8 17. fxe5 Nxc3 18. bxc3 Bd5 19. d4 b6 20. Ba3 Rc8 21.
Bxd5+ Qxd5 22. Rfc1 Bh6 23. Rc2 Rxc3 24. Rxc3 Qxd4+ 25. Kf1 Qxc3 26. Bb2 Qc6
27. Kg1 Bg7 28. Rd1 Bxe5 29. Bxe5 Qc5+ 30. Kf1 Qxe5 31. Qxe5 Rxe5 32. Rd8+ Kf7
33. Ra8 Ra5 34. Rc8 Rxa2 35. Rc7+ Kg8 36. Rc8+ Kg7 37. Rc7+ Kh6 38. Kg1 a5 39.
Rb7 Rb2 40. Ra7 b5 41. Rxa5 b4 42. Rb5 b3 43. Kf1 Rxh2 44. Rxb3 Kg5 45. Rb4 h5
46. Kg1 Rc2 47. Rd4 Re2 48. Kf1 Re4 49. Rd3 Kg4 50. Kf2 g5 51. Kg2 f4 52. gxf4
Rxf4 53. Rg3+ Kf5 54. Ra3 h4 55. Kh3 Re4 56. Rb3 Kf4 57. Rb1 Re3+ 58. Kg2 g4
59. Kf2 g3+ 60. Kg2 Re2+ 61. Kf1 Rf2+ 62. Kg1 h3 63. Rb4+ Kg5 64. Rb5+ Kg4 65.
Rb4+ Rf4 66. Rb2 h2+ 67. Kh1 Rf1+ 68. Kg2 h1=Q# 0-1

[Event "Sparkassen-Open B"]
[Site "Heusenstamm, Martinsee"]
[Date "2022.11.17"]
[Round "1.56"]
[White "Zhang, Taihao"]
[Black "Griesche, Robby"]
[Result "1-0"]
[WhiteElo "1152"]
[BlackElo "1593"]
[PlyCount "107"]
[EventDate "2022.??.??"]
[WhiteTeam "vereinslos"]
[BlackTeam "SV Worms 1878"]

1. d4 d5 2. c4 e6 3. Nf3 Nf6 4. Nc3 Bb4 5. Qc2 dxc4 6. Bg5 O-O 7. e3 h6 8. Bh4
b5 9. Bxf6 Qxf6 10. a4 c6 11. axb5 cxb5 12. Qe4 Bd7 13. Qxa8 Nc6 14. Qb7 Rd8
15. Be2 Be8 16. O-O Rb8 17. Qc7 Be7 18. Rxa7 Bd8 19. Qg3 Bb6 20. Ra6 Qd8 21.
Nxb5 Nb4 22. Ra4 Nd3 23. Bxd3 Bxb5 24. Rxc4 Bxc4 25. Bxc4 Bc7 26. Qh4 Qd6 27.
b3 Ra8 28. Rb1 Qa3 29. b4 Bd8 30. Qe4 Rb8 31. Ne5 Rxb4 32. Rxb4 Qxb4 33. Bd3
Qe1+ 34. Bf1 Qb4 35. Nc6 Qf8 36. Bd3 g6 37. Nxd8 Qxd8 38. g3 Qd7 39. h4 h5 40.
g4 hxg4 41. Qxg4 Kf8 42. h5 gxh5 43. Qxh5 Ke7 44. Bb5 Qb7 45. Qg5+ Kf8 46. Qd8+
Kg7 47. Be8 Qf3 48. Qg5+ Kf8 49. Bxf7 Kxf7 50. Qf4+ Qxf4 51. exf4 Kf6 52. Kg2
Kg6 53. Kf3 Kf5 54. Ke3 1-0

[Event "Sparkassen-Open B"]
[Site "Heusenstamm, Martinsee"]
[Date "2022.11.17"]
[Round "1.57"]
[White "Schmid, Leon"]
[Black "Moissl, Julian"]
[Result "1-0"]
[WhiteElo "1568"]
[BlackElo "1140"]
[PlyCount "87"]
[EventDate "2022.??.??"]
[WhiteTeam "Sfr.Heidesheim"]
[BlackTeam "SJ Herborn 1998"]

1. e4 e5 2. Nf3 Nc6 3. Bc4 Bc5 4. c3 Nf6 5. d3 O-O 6. Nbd2 d6 7. h3 Be6 8. Bb3
d5 9. Qe2 Qd6 10. O-O Rad8 11. Re1 Qd7 12. Nf1 dxe4 13. dxe4 Ne7 14. Nxe5 Qd6
15. Bf4 Qb6 16. Bxe6 fxe6 17. Ng3 Nd7 18. Nd3 Ng6 19. Bg5 Rde8 20. Nxc5 Qxc5
21. Be3 Qe5 22. Rad1 Rf7 23. Bd4 Qa5 24. b4 Qg5 25. Qe3 Qf4 26. Nh5 Qxe3 27.
Rxe3 e5 28. Bxa7 b6 29. Red3 Nf6 30. Nxf6+ Rxf6 31. Rd7 Rc8 32. a4 Nf4 33. Kf1
Rc6 34. Rd8+ Rxd8 35. Rxd8+ Kf7 36. Rd7+ Kf6 37. Bb8 Rxc3 38. Rxc7 Rxc7 39.
Bxc7 Nd3 40. Bxb6 Nxb4 41. a5 Kg5 42. g3 h5 43. Ke2 Kf6 44. Kd2 1-0

[Event "Sparkassen-Open B"]
[Site "Heusenstamm, Martinsee"]
[Date "2022.11.17"]
[Round "1.58"]
[White "Hellmann, Alexander"]
[Black "Billerbeck, Nick"]
[Result "0-1"]
[WhiteElo "1137"]
[BlackElo "1582"]
[PlyCount "40"]
[EventDate "2022.??.??"]
[WhiteTeam "SJ Herborn 1998"]
[BlackTeam "SV Unterkochen"]

1. e4 c5 2. c3 d5 3. Bb5+ Nc6 4. exd5 Qxd5 5. Nf3 Bg4 6. d3 Bxf3 7. gxf3 Nf6 8.
Be3 e6 9. Nd2 Be7 10. Ne4 O-O 11. Bxc6 Qxc6 12. Rg1 Kh8 13. Qd2 Rad8 14. O-O-O
Nxe4 15. fxe4 c4 16. Bd4 f6 17. Qe2 b5 18. Rg3 Rg8 19. f4 Rxd4 20. cxd4 cxd3+
0-1

[Event "Sparkassen-Open B"]
[Site "Heusenstamm, Martinsee"]
[Date "2022.11.17"]
[Round "1.59"]
[White "Traut, Stefan"]
[Black "Hafner, Hans-Peter"]
[Result "1/2-1/2"]
[WhiteElo "1581"]
[BlackElo "1131"]
[PlyCount "98"]
[EventDate "2022.??.??"]
[WhiteTeam "SF Heusenstamm"]
[BlackTeam "Sfr.Mainz 1928"]

1. d4 Nf6 2. Nf3 g6 3. c4 Bg7 4. Nc3 O-O 5. g3 d6 6. Bg2 Nbd7 7. O-O e5 8. dxe5
dxe5 9. e4 c6 10. Qc2 Nh5 11. Rd1 Qe7 12. Be3 Nb6 13. b3 Bg4 14. Rd2 h6 15.
Rad1 Qf6 16. Ne1 Bxd1 17. Rxd1 Qe6 18. Nd3 Rad8 19. Nc5 Rxd1+ 20. Qxd1 Qe7 21.
N5a4 Nxa4 22. Nxa4 Rd8 23. Qc2 Qd6 24. Bc5 Qd1+ 25. Qxd1 Rxd1+ 26. Bf1 b6 27.
Be3 f5 28. exf5 gxf5 29. Kg2 f4 30. gxf4 exf4 31. Be2 Rd6 32. Bxh5 fxe3 33.
fxe3 Rd2+ 34. Kg1 Rxa2 35. Bf3 b5 36. cxb5 cxb5 37. Nc5 Rc2 38. Ne6 Rc3 39. Bd5
Rd3 40. Nf4+ Rxd5 41. Nxd5 Kf7 42. Nc7 b4 43. Nd5 a5 44. Kf2 Ke6 45. Nf4+ Ke5
46. Nd3+ Kd5 47. Nf4+ Kc6 48. Kf3 Be5 49. Ke4 Kd6 1/2-1/2

[Event "Sparkassen-Open B"]
[Site "Heusenstamm, Martinsee"]
[Date "2022.11.17"]
[Round "1.60"]
[White "Moissl, Felix"]
[Black "Kanno, Clara Yumi"]
[Result "0-1"]
[WhiteElo "1129"]
[BlackElo "1243"]
[PlyCount "74"]
[EventDate "2022.??.??"]
[WhiteTeam "SJ Herborn 1998"]
[BlackTeam "SF Essen-Werden 1924/80"]

1. e4 c5 2. Nf3 d6 3. c3 Nf6 4. Bd3 Nc6 5. h3 e6 6. Bc2 Be7 7. d4 cxd4 8. cxd4
O-O 9. Nc3 a6 10. O-O Qc7 11. Bg5 b5 12. a3 Bb7 13. Re1 Rfe8 14. Bb3 Rac8 15.
Qc2 Na5 16. Rac1 Nc4 17. Nd2 h6 18. Bh4 Qb6 19. Nxc4 bxc4 20. Ba4 Bc6 21. Bxc6
Rxc6 22. Rcd1 Rc7 23. Qd2 Rb7 24. Rb1 d5 25. exd5 Nxd5 26. Bxe7 Rbxe7 27. Re5
Rd7 28. Na4 Qc7 29. Rc1 Rd6 30. Nc5 Red8 31. Re4 Nf6 32. Rf4 Qxc5 33. dxc5 Rxd2
34. Rcxc4 Nd5 35. Rfd4 Rxb2 36. c6 Rc8 37. c7 Rb7 0-1

[Event "Sparkassen-Open B"]
[Site "Heusenstamm, Martinsee"]
[Date "2022.11.17"]
[Round "1.61"]
[White "Klein, Simon"]
[Black "Spelleken, Mark"]
[Result "0-1"]
[WhiteElo "1378"]
[BlackElo "1520"]
[PlyCount "66"]
[EventDate "2022.??.??"]
[WhiteTeam "SK Hungen"]
[BlackTeam "SC Kahl"]

1. d4 d5 2. Bf4 Bf5 3. c4 e6 4. Nc3 Nf6 5. e3 c6 6. c5 Nbd7 7. Nf3 Be7 8. Be2
O-O 9. Nh4 Bg6 10. Nxg6 hxg6 11. O-O Re8 12. Bd3 Bf8 13. b4 Nh5 14. Be5 Nhf6
15. Qf3 Nxe5 16. dxe5 Nd7 17. Qg3 b6 18. cxb6 Bxb4 19. b7 Rb8 20. Ne2 Qc7 21.
f4 Rxb7 22. Nd4 Bc5 23. Rfc1 Bxd4 24. exd4 Rb4 25. Qe3 Qb6 26. Rab1 Qxd4 27.
Kf2 Qxe3+ 28. Kxe3 Rxb1 29. Bxb1 c5 30. g4 Rb8 31. f5 gxf5 32. gxf5 Nxe5 33.
Rxc5 Rxb1 0-1

[Event "Sparkassen-Open B"]
[Site "Heusenstamm, Martinsee"]
[Date "2022.11.17"]
[Round "1.63"]
[White "Derr, Oleg"]
[Black "Trenz, Kerstin"]
[Result "1-0"]
[WhiteElo "1497"]
[BlackElo "902"]
[PlyCount "95"]
[EventDate "2022.??.??"]
[WhiteTeam "VSG 1880 Offenbach"]
[BlackTeam "SK Gau-Algesheim"]

1. d4 d5 2. Nf3 Nc6 3. g3 e6 4. Bg2 Bd6 5. O-O Nf6 6. c4 O-O 7. Nc3 dxc4 8. e4
e5 9. d5 Ne7 10. Qe2 c5 11. Qxc4 Bd7 12. Bg5 Nc8 13. Qe2 a6 14. a4 h6 15. Be3
Nb6 16. Nd2 Bg4 17. f3 Bd7 18. a5 Nc8 19. Qf2 b6 20. axb6 Qxb6 21. Nc4 Qb7 22.
Nxd6 Nxd6 23. Bxc5 Nfe8 24. f4 Nf6 25. Bxd6 Ng4 26. Qc5 Rfc8 27. Qb4 Qa7+ 28.
Kh1 Nf2+ 29. Rxf2 Qxf2 30. Rf1 a5 31. Qb7 Qa7 32. Qxa7 Rxa7 33. fxe5 Rb7 34.
Ba3 Re8 35. e6 fxe6 36. e5 Rb6 37. d6 g5 38. Ne4 Kg7 39. Nf6 Rd8 40. Bh3 Bc6+
41. Kg1 Rb5 42. Nh5+ Kg6 43. Rf6+ Kh7 44. Rxe6 Kg8 45. Re7 Rb7 46. Nf6+ Kf8 47.
Be6 Rxe7 48. dxe7+ 1-0

[Event "Sparkassen-Open B"]
[Site "Heusenstamm, Martinsee"]
[Date "2022.11.17"]
[Round "1.64"]
[White "Vinogradov, Roman"]
[Black "Kirchner, Stefan"]
[Result "0-1"]
[WhiteElo "797"]
[BlackElo "1577"]
[PlyCount "62"]
[EventDate "2022.??.??"]
[WhiteTeam "SV Walldorf"]
[BlackTeam "SF Schöneck"]

1. e4 e6 2. Nc3 d5 3. d3 d4 4. Nce2 c5 5. Bf4 Nc6 6. Nf3 Nf6 7. Ng3 Be7 8. Be2
Nd7 9. e5 g5 10. Bd2 Ndxe5 11. Nxe5 Nxe5 12. f4 Ng6 13. O-O gxf4 14. Bxf4 Nxf4
15. Rxf4 Bg5 16. Rf1 e5 17. Bh5 Be6 18. Qf3 Qd5 19. Bxf7+ Bxf7 20. Ne4 Be7 21.
Nf6+ Bxf6 22. Qxf6 Rg8 23. Rf2 Qe6 24. Raf1 Qxf6 25. Rxf6 Bd5 26. R1f2 Ke7 27.
Rh6 Raf8 28. Rxh7+ Rf7 29. Rf5 Rxg2+ 30. Kf1 Rxh7 31. Rxe5+ Kd6 0-1